Longest Running Gameshows - Statistics

General Stats
  • This quiz has been taken 16 times
  • The average score is 6 of 11
Answer Stats
Year Show % Correct
1972- The Price is Right
100%
1975- Wheel of Fortune
93%
1984- Jeopardy
86%
1956-1968 To Tell the Truth
50%
1950-1967 What's My Line?
50%
1963-1977 Let's Make a Deal
43%
1956-1975 Truth or Consequences
43%
1958-1973 Concentration
29%
1966-1981 Hollywood Squares
21%
1950-1961 You Bet Your Life
21%
1952-1967 I've Got a Secret
14%
No matching quizzes found
Score Distribution
Percent of People with Each Score
Percentile by Number Answered
Your Score History
You have not taken this quiz